[Event "Sachsen-Anhalt 30 Years op"]
[Site "Magdeburg"]
[Date "2020.10.24"]
[Round "6.15"]
[White "Stackfleth, Jarno"]
[Black "Heise, Juergen"]
[Result "0-1"]
[WhiteElo "1485"]
[BlackElo "1981"]
[PlyCount "74"]
[EventDate "2020.10.22"]
[EventType "swiss"]
[EventRounds "7"]
[EventCountry "GER"]
[SourceTitle "EXT 2022"]
[Source "ChessBase"]
[SourceDate "2021.10.06"]
[SourceVersion "1"]
[SourceVersionDate "2021.10.06"]
[SourceQuality "1"]

1. e4 c5 2. Nf3 g6 3. d4 Bg7 4. dxc5 Qa5+ 5. Bd2 Qxc5 6. Nc3 Nf6 7. Bd3 d6 8. 0-0 0-0 9. Be3 Qa5 10. Qd2 Bg4 11. Nd4 Nc6 12. h3 Bd7 13. Nf3 Rfe8 14. Bh6 Bh8 15. a3 Rac8 16. Rfe1 a6 17. Bf4 Nh5 18. Bh2 Be6 19. b4 Qd8 20. e5 dxe5 21. Nxe5 Nxe5 22. Bxe5 Bxe5 23. Rxe5 Qd4 24. Rc5 b6 25. Rxh5 Rxc3 26. Re1 Rxd3 27. cxd3 gxh5 28. Qg5+ Qg7 29. Qxh5 Qg6 30. Qh4 h6 31. Re3 Kh7 32. Rg3 Qf6 33. Qe4+ Bf5 34. Qd5 Qe6 35. Qd4 Rg8 36. Re3 Qc6 37. Rf3 Qxf3 0-1

[Event "Sachsen-Anhalt 30 Years op"]
[Site "Magdeburg"]
[Date "2020.10.23"]
[Round "3.17"]
[White "Pietsch, Frank"]
[Black "Stackfleth, Jarno"]
[Result "1-0"]
[WhiteElo "1521"]
[BlackElo "1485"]
[PlyCount "48"]
[EventDate "2020.10.22"]
[EventType "swiss"]
[EventRounds "7"]
[EventCountry "GER"]
[SourceTitle "EXT 2022"]
[Source "ChessBase"]
[SourceDate "2021.10.06"]
[SourceVersion "1"]
[SourceVersionDate "2021.10.06"]
[SourceQuality "1"]

1. c4 e5 2. g3 Nf6 3. Bg2 d5 4. cxd5 Nxd5 5. Nc3 Be6 6. e3 Nc6 7. Nge2 Qd7 8. 0-0 0-0-0 9. a3 h5 10. b4 g5 11. Bb2 h4 12. Ne4 hxg3 13. fxg3 Be7 14. N2c3 Nxc3 15. Bxc3 Bh3 16. Qe2 f5 17. Nc5 Bxc5 18. bxc5 f4 19. exf4 gxf4 20. gxf4 Rhg8 21. Rf2 exf4 22. Kh1 Bxg2+ 23. Rxg2 Qd5 24. Re1 f3 1-0

[Event "Sachsen-Anhalt 30 Years op"]
[Site "Magdeburg"]
[Date "2020.10.23"]
[Round "4.15"]
[White "Stackfleth, Jarno"]
[Black "Maly, Wolfgang"]
[Result "0-1"]
[WhiteElo "1485"]
[BlackElo "1645"]
[PlyCount "94"]
[EventDate "2020.10.22"]
[EventType "swiss"]
[EventRounds "7"]
[EventCountry "GER"]
[SourceTitle "EXT 2022"]
[Source "ChessBase"]
[SourceDate "2021.10.06"]
[SourceVersion "1"]
[SourceVersionDate "2021.10.06"]
[SourceQuality "1"]

1. e4 Nc6 2. Nf3 d5 3. exd5 Qxd5 4. Nc3 Qd8 5. Bb5 Bd7 6. d3 a6 7. Ba4 b5 8. Bb3 Bg4 9. Bd5 Qd6 10. h3 Bh5 11. g4 Bg6 12. Bf4 Qd7 13. Ne5 Nxe5 14. Bxa8 Nc6 15. Bb7 Nb8 16. Qf3 c6 17. Bxb8 Qxb7 18. Bg3 e6 19. 0-0 Be7 20. Ne4 Kd7 21. Bh2 h5 22. g5 Bxe4 23. Qxe4 Bxg5 24. Qd4+ Ke8 25. Qxg7 Bf6 26. Qg3 Ne7 27. Qb8+ Qxb8 28. Bxb8 Bxb2 29. Rae1 Nf5 30. Be5 Rg8+ 31. Kh1 Bxe5 32. Rxe5 Rg5 33. Rfe1 Kd7 34. R1e4 Kd6 35. c4 Ng3+ 36. fxg3 Rxe5 37. cxb5 Rxe4 38. dxe4 axb5 39. Kg2 f5 40. Kf3 Ke5 41. exf5 exf5 42. Ke3 c5 43. Kd3 c4+ 44. Kc3 Ke4 45. a4 bxa4 46. Kxc4 Kf3 47. Kb4 Kxg3 0-1

[Event "GER-chT U10"]
[Site "Magdeburg"]
[Date "2015.12.29"]
[Round "6.1"]
[White "Lutz, Ruben"]
[Black "Stackfleth, Jarno"]
[Result "1-0"]
[WhiteElo "1558"]
[BlackElo "940"]
[PlyCount "73"]
[EventDate "2015.12.27"]
[EventType "team-swiss"]
[EventRounds "7"]
[EventCountry "GER"]
[SourceTitle "EXT 2017"]
[Source "ChessBase"]
[SourceDate "2016.10.25"]
[SourceVersion "1"]
[SourceVersionDate "2016.10.25"]
[SourceQuality "1"]
[WhiteTeam "Dresden TU"]
[BlackTeam "Magdeburg Schachzwerge II"]
[WhiteTeamCountry "GER"]
[BlackTeamCountry "GER"]

1. d4 d5 2. c4 e6 3. cxd5 exd5 4. Nc3 Nf6 5. Bg5 Be7 6. e3 c6 7. Bd3 0-0 8. Nf3 Nbd7 9. 0-0 Re8 10. Qc2 Nf8 11. Rab1 Ng6 12. Bxf6 Bxf6 13. h3 Qe7 14. b4 Bd7 15. a4 Rad8 16. Rfc1 Rc8 17. Qa2 Qe6 18. b5 Rb8 19. bxc6 Bxc6 20. Nb5 a6 21. Nc7 Qd7 22. Nxe8 Qxe8 23. Bxa6 Qd8 24. Bb5 Bxb5 25. Rxb5 Qe7 26. Qxd5 Rd8 27. Qxb7 Rd7 28. Qa8+ Rd8 29. Rb8 Qe8 30. Rxd8 Bxd8 31. Rc8 Nf8 32. Rxd8 Qxd8 33. Qxd8 h6 34. Ne5 g6 35. Nd7 Kh7 36. Qxf8 h5 37. Nf6# 1-0